| 000 | 01001nam a22002057a 4500 | ||
|---|---|---|---|
| 003 | OSt | ||
| 005 | 20160620110128.0 | ||
| 008 | 150409b xxu||||| |||| 00| 0 eng d | ||
| 040 | _cBMC | ||
| 082 | _a004.1 | ||
| 100 | 1 |
_934862 _aHidalgo Castro, Luisa Teresa |
|
| 245 | 1 |
_aPasantía de asistente técnico informático en el departamento de estadística y documentos médicos del Hospital San Juan de Dios de Santa Ana _b: Informe final de pasantía _cLuisa Teresa Hidalgo Castro |
|
| 260 |
_aSanta Ana (El Salvador) _bUniversidad Católica de El Salvador _c2010 |
||
| 300 |
_a1 v. (pág. var.) _c28 cm _e+ 1 disco compacto |
||
| 500 | _aPrecede al tít.: Universidad Católica de El Salvador, Facultad de Ciencias Empresariales | ||
| 502 | _aTrabajo de graduación para optar al grado académico de Licenciatura en Sistemas Informáticos Administrativos | ||
| 650 | 2 | 4 |
_92031 _aInformática |
| 710 | 2 |
_91067 _aUniversidad Católica de El Salvador _bFacultad de Ciencias Empresariales |
|
| 942 |
_2ddc _cTG |
||
| 999 |
_c21291 _d21291 |
||